Leader xxxxxxxxxx
001 __ PCLIS00056244
005 __ 20221115154208.0
010 0_ |a978-957-33-3801-7|b平裝|dNT$399
100 __ |a20221028d2021 de y0chiy09 e
101 1_ |achi|ceng
102 __ |atw
105 __ |aa z 000ay
200 1_ |a聖誕小豬|fJ.K.羅琳(J. K. Rowling)作|g吉姆.菲爾德(Jim Field)繪|g謝靜雯譯
205 __ |a初版
210 __ |a臺北市|c皇冠文化|d2021.10[民110]
215 0_ |a319面|c圖|d21公分
225 2_ |a皇冠叢書|v第4979種
225 2_ |aChoice|v346
306 __ |a2022年五刷
410 _0 |12001 |a皇冠叢書|v第4979種
410 _0 |12001 |aChoice|v346
454 _1 |12001 |aThe Christmas pig|zeng
681 __ |a873.596|b857
700 _1 |a羅琳|c(Rowling, J. K.)|4作
702 _1 |a菲爾德|c(Field, Jim)|4繪
702 _1 |a謝|b靜雯|4譯
770 _1 |aRowling, J. K.
772 _1 |aField, Jim
801 _0 |atw|b內湖高中|c20221028|gCCR
|